[Event "Olympiad-44"]
[Site "Chennai"]
[Date "2022.08.09"]
[Round "11.3"]
[White "Boidiya, Lalla Sidina"]
[Black "Jones, Rupert William"]
[Result "1-0"]
[WhiteElo "1997"]
[BlackElo "1766"]
[PlyCount "75"]
[EventDate "2022.07.29"]
[EventType "team-swiss"]
[EventRounds "11"]
[EventCountry "IND"]
[SourceTitle "CBM 210"]
[Source "ChessBase"]
[SourceDate "2022.10.31"]
[SourceVersion "1"]
[SourceVersionDate "2022.10.31"]
[SourceQuality "1"]
[WhiteTeam "Mauritania"]
[BlackTeam "Papua New Guinea"]
[WhiteTeamCountry "MAU"]
[BlackTeamCountry "PNG"]

1. e4 c5 2. Nc3 a6 3. g3 Nc6 4. Bg2 g6 5. d3 Bg7 6. Be3 d6 7. Qd2 Nd4 8. a4 Nf6 9. h3 0-0 10. Nge2 e5 11. f4 Nh5 12. f5 Rb8 13. g4 Nf4 14. Nxf4 exf4 15. Bxf4 gxf5 16. gxf5 Qh4+ 17. Kf1 Be5 18. Bxe5 dxe5 19. Nd5 Kh8 20. Re1 b5 21. axb5 axb5 22. c3 Nb3 23. Qf2 Qg5 24. h4 Qg4 25. Bf3 Nd2+ 26. Ke2 Qxf3+ 27. Qxf3 Nxf3 28. Kxf3 Bb7 29. Nf6 Rbd8 30. Ke3 Rd6 31. Ng4 f6 32. Rd1 Rfd8 33. Rhg1 Ba6 34. Nh6 R6d7 35. d4 cxd4+ 36. cxd4 Rg7 37. dxe5 Rxd1 38. Rxd1 1-0